[Event "Turnier 40 / 120"]
[Site "Wien"]
[Date "2022.11.19"]
[Round "1"]
[White "Pewatronic Masterchess SH7034 - 24 MHZ"]
[Black "Novag Star Diamond H8 - 25 MHZ"]
[Result "0-1"]
[BlackElo "2160"]
[WhiteElo "2150"]

{Analyse -----> Komodo 13.02.} 1. c4 c5 2. Nf3 Nf6 3. Nc3 d5 4. cxd5 Nxd5
5. g3 Nc6 6. Bg2 Nc7 7. O-O e5 8. d3 {Buchende} Be7 {Buchende} 9. b3
{Buchbewertung Pewatronic Masterchess: +0,5} O-O {Buchbewertung Novag Star
Diamond: +0,15 / lt. Komodo ist die Stellung exakt ausgeglichen 0,00} 10.
Nd2 Qd7! {lt. Komodo der beste Zug, obwohl man im ersten Moment geneigt ist
das nicht gut zu heissen, da der Läufer verstellt wird.} 11. Bb2 Rd8 12.
Rc1 Qe6 13. a4 f5 14. Ncb1 Nd5 15. Ba3 {ein schwacher Zug, danach ist
Schwarz klar im Vorteil, Komodo +1,00 mit der Fortsetzung b6, besser ist
Sa3} b6! 16. e4 fxe4 17. dxe4? {ein ganz schlechter Zug, danach ist die
Partie praktisch schon verloren, Komodo -1,60, deutlich besser ist Lxe4}
Ndb4 18. Qh5? {Pewatronic Masterchess hat völlig den Faden und den
Überblick verloren und produziert schlechte Züge am laufenden Band, Komodo
-2,20, besser ist noch Sc3 mit ca. -1,60} g6! {Novag Star Diamond macht
hingegen alles richtig} 19. Qh6 Nd4! {wieder richtig} 20. Nc3 Qg4! {echt
stark von Novag Star Diamond, der hier serienweise die besten Züge spielt,
Komodo +2,30} 21. f4 Bf8 22. Qg5 Qxg5 23. fxg5 Ba6 24. Rf6??? {völlig
daneben, danach ist alles vorbei, Komodo -4,20 mit der Fortsetzung Le7,
deutlich besser ist noch Sd5 mit ca. -2,50 verliert aber natürlich auch
schon klar} Nbc2? {klar schwächer als Le7 aber natürlich völlig
ausreichend, Komodo +3,00} 25. Bb2 Ne3? {weit schwächer als Le7, trotzdem
steht Schwarz natürlich klar auf Gewinn, Komodo +1,70} 26. Nf3?? {ein
grottenschlechter Zug, danach ist die Lage bereits hoffnungslos, Komodo
-3,00, deutlich mehr Widerstand leistet noch Lh3 mit ca. -1,70} Nxb3? {auch
nicht ideal, weit schwächer als Lg7, halbiert in etwa den Vorteil von
Schwarz, Komodo +1,70} 27. Re1 Nxg2 28. Kxg2 Bd6 {auch nicht ideal, besser
ist Lb7, Komodo +1,20} 29. Nb5?? {ein grottenschlechter Zug, der alle
Hoffnungen von Weiss begräbt, Komodo -2,10, unnötig zu sagen dass der
Springer natürlich nach d5 gehört} Bxb5 30. axb5 Nd4 31. Ra1?? {und gleich
nochmals ganz schwach, danach ist wohl endgültig alles vorbei, Komodo
-3,20, deutlich mehr Widerstand leistet noch Lxd4} Nxb5? {Novag Star
Diamond verwirft im letzten Augenblick den weit besseren Zug Le7, danach
wäre der Turm f6 schon verloren gegangen, allerdings steht Schwarz auch
nach dem Textzug klar auf Gewinn, Komodo +2,00} 32. Bxe5 {natürlich
entscheiden die 3 geschlossenen Freibauern am Damenflügel die Partie.} Bxe5
{weit schwächer als c4, Komodo +1,40} 33. Nxe5 Rd2+ 34. Kf3 Nd4+?? {ein
ganz schlechter Zug, der den Vorteil von Schwarz etwa halbiert, Komodo
+0,80, deutlich besser ist Te8 mit ca. +1,50} 35. Kf4??? {ein
grottenschlechter Zug, danach ist die Partie natürlich wieder klar
verloren, unnötig zu sagen, dass der König nach e3 muss, dann kann Weiss
mittels Sg4 noch einiges an Gegenspiel bekommen, nach dem Textzug ist die
Lage wieder hoffnungslos, Komodo -2,00} Rf2+ 36. Kg4 Re2 37. Nxg6???
{einfach nur noch ABSURD, da fehlen einem wirklich die Worte und muss
mindestens 3x hinschauen, um das zu glauben, nach diesem Zug beende ich
sofort die Partie, eine geradezu peinliche Vorstellung von Pewatronic
Masterchess in dieser Auftaktrunde !!!} 0-1
[/pgn]
[pgn]

[Event "Turnier 40 / 120"]
[Site "Wien"]
[Date "2022.11.19"]
[Round "2"]
[White "Novag Star Diamond H8 - 25 MHZ"]
[Black "Pewatronic Masterchess SH7034 - 24 MHZ"]
[Result "1/2-1/2"]
[BlackElo "2150"]
[WhiteElo "2160"]

{Analyse ------> Komodo 13.02} 1. e4 c6 2. d4 d5 3. exd5 cxd5 4. c4 Nf6 5.
Nc3 e6 6. Nf3 Be7 7. cxd5 Nxd5 8. Bd3 Nc6 9. O-O O-O 10. Re1 Bf6 11. Be4
Nce7 12. Ne5 g6 {Buchende} 13. Bh6 Re8??? {Buchbewertung Pewatronic
Masterchess: -0,4 / gleich der 1. berechnete Zug ist ein Verlustzug, danach
ist die Partie sofort verloren, Komodo -2,50 mit der Fortsetzung Df3, und
doppelt bitter, obwohl Pewatronic sich dafür ganze 10 Minuten ! Bedenkzeit
nimmt und noch dazu den korrekten Antwortzug Df3 erwartet, übersieht er
völlig die sofort offensichtlichen Konsequenzen, unfassbar schwach,
BLAMABEL !!!!} 14. Qf3! {na sonnenklar und das war es dann, Buchbewertung
Novag Star Diamond: +1,07 sieht sich bereits völlig zurecht klar im
Vorteil} Bxe5 15. dxe5 Nxc3 16. Qxc3 {besser ist bxc3, trotzdem steht Weiss
klar auf Gewinn, Komodo +1,90} Nd5 17. Qd2 Nb6?? {ein ganz schlechter Zug,
der die Lage zusätzlich verschlimmert, Komodo -2,50 mit der Fortsetzung
Ld3, deutlich besser ist De7} 18. Rad1?? {das ist natürlich in taktischer
Hinsicht ganz schwach, aufgrund der Drohungen auf die permanente Schwäche
von Schwarz auf dem schwachen Punkt g7, wo die Dame immer wieder mal
einfallen könnte mit einer Mattdrohung darf Weiss natürlich auf keinen Fall
den Damentausch zulassen, das hilft nur Schwarz und entschärft die Lage,
Komodo "nur" noch +0,90 für Weiss} Qxd2 {alternativlos} 19. Bxd2 Nd5 20.
Bg5 b6 21. Bxd5 {ein schlechter Zug, Weiss sollte nicht das starke
Läuferpaar für einen Bauerngewinn aufgeben, noch dazu da jetzt ungleiche
Läufer auf dem Brett sind, das erschwert jedenfalls den Gewinn, Komodo
+0,60, deutlich besser ist h4 oder f3, noch dazu ist der Bauerngewinn sehr
kurzsichtig, da nach Txd5, Le6, Td6, Lxa2 ja der A-Bauer verloren geht und
es sofort wieder zu materiellem Gleichstand kommt.} exd5 22. Rxd5 Be6 23.
Rd4 Bxa2 24. Rd7 a5 25. h3 {die Stellung ist bereits im Lot} Rac8 26. Rb7
Re6 27. Bf6 Bb3 28. Kh2 Rec6 29. Kg3 h6 30. Re2 Bd5 31. Ra7 Bc4 32. Rd2 g5
{besser ist Le6, nach dem Textzug ist Weiss wieder etwas im Vorteil, Komodo
+0,80 mit der Fortsetzung h4} 33. h4 gxh4+ {deutlich besser ist Le6, Komodo
-1,40} 34. Kxh4 Be6 35. Rb7? {verspielt jeglichen Vorteil, danach ist die
Stellung wieder im Lot, Komodo 0,00, deutlichen Vorteil versprach Td3} Kh7
36. Kg3 Rg8+ 37. Kf3 Kg6 38. Kf4 Rgc8 39. g3? {klar schwächer als Ke3,
danach ist Schwarz bereits im Vorteil, Komodo +0,80 mit der Fortsetzung
Tc4+} Rc2? {so allerdings nicht, danach ist die Stellung wieder im Lot,
Komodo 0,00} 40. Ke3 Rxd2 41. Kxd2 Rc6 42. Rb8 Kf5 43. Ke3 Kg4 44. Rb7 Kh3
45. Bd8 {besser ist Lh4, nach dem Textzug ist Schwarz leicht im Vorteil mit
ca. +0,50 mit der Fortsetzung Tc5} Rc5 46. Bc7? {ein schlechter Zug, danach
ist Schwarz mit ca. +1,00 im Vorteil mit der Fortsetzung a4, deutlich
besser ist Txb6} Kg2? {klar schwächer als a4, danach ist Schwarz nur noch
hauchdünn im Vorteil mit ca. +0,30} 47. Bxb6? {ein schwacher Zug, danach
ist Schwarz wieder mit ca. +1,00 im Vorteil, deutlich besser ist f4} Rb5
48. Kd3??? {ein Verlustzug, danach ist die Partie sofort verloren, Komodo
-4,50 mit der Fortsetzung Txb2, Novag Star Diamond verwirft leider wegen
einer Bewertungsdifferenz von +0,04 den richtigen Zug Tb8, den er mit +0,11
bewertet, den Textzug im allerletzten Moment mit +0,15, ist auch etwas
Pech.} Rxb2 49. Kc3?? {und nochmals ganz schlecht, deutlich mehr Widerstand
leistet noch f4, Komodo -6,50} Rb3+ 50. Kd4 Kxf2 {Pewatronic: +3,0 / Komodo
+7,50} 51. Kc5 {Novag Star Diamond ist noch viel zu optimistisch: nur
-1,07} a4 52. Ra7 a3 53. Kc6+ Kxg3 54. Bc5 {Komodo -10,00} Kf4??? {ein
Katastrophenzug !!!!, um ganze 8 Bauerneinheiten !!!! schlechter als Tc3,
Komodo +2,00} 55. Bxa3 Kxe5 56. Ra5+ Ke4 57. Bf8 Rc3+??? {was bitte soll
dieses völlig überflüssige Schachgebot, das nur den weissen König näher an
den Königsflügel treibt, dieser Zug bringt nun schon den Sieg ernsthaft in
Gefahr, Komodo nur noch +1,00, nötig ist natürlich sofort Th3, was bitte
sonst, allerdings sind offenbar beide Geräte hier überfordert, denn Novag
Star Diamond erwartet hier ernsthaft Td3 und glaubt den H-Bauern zu
kassieren, also was das für Berechnungen sind ist einfach UNFASSBAR !!! und
der Hammer kommt noch, Pewatronic Masterchess rechnet nach seinem Zug
ernsthaft mit Kb6 ??? also das ist ja nicht zu glauben; lt. Stockfish 15
ist er bereits Remis !!!} 58. Kd6 Rd3+??? {und gleich noch ein 2x der
gleiche Schwachsinn, anders kann man es nicht bezeichnen, selber Kommentar
wie beim vorigen Zug und ja: Pewatronic rechnet wieder mit Kc7 ???, also
hat man dafür noch Worte ?? ich ehrlich gesagt keine vernünftigen mehr.}
59. Ke7 {na sonnenklar, König C7 ist ja wohl ein Witz} Rh3 60. Kf6 {ist
praktisch nicht mehr zu gewinnen} Rh1 61. Ra4+ Kd5 62. Ra5+ Kd4 63. Bc5+
Ke4 64. Ra4+ Kd5 65. Bf2 Rh2 66. Rd4+ Kc6 67. Bg3 Rg2 68. Rd3 Bc4 69. Ra3
Kc5 70. Kf5 Be6+ 71. Kf4 Kd4 72. Ra4+ Bc4 73. Ra8 Re2 74. Rd8+ Kc3 75. Kf5
Bd3+ 76. Kf6 Bg6 77. Be5+ Kc4 78. Rd4+ Kb5 79. Rd5+ Kc6 80. Rd6+ Kc5 81.
Rd8 h5 82. Bd4+ Kc6 83. Be5 h4 84. Rh8 Re4 {Sorry, aber an dieser Stelle
beende ich dieses unerträgliche Herumgeschiebe, Userentscheid: Remis, ich
bemühe mich zwar nicht wieder ausfällig zu werden, diese Partie verlangt
mir jedoch das letzte ab und ich kann mir am Ende daher einen letzten
Kommentar nicht verkneifen, der nur aus einem einzigen Wort besteht:
LETZTKLASSIG !!!!} 1/2-1/2
[/pgn]
[pgn]

[Event "Turnier 40 / 120"]
[Site "Wien"]
[Date "2022.11.20"]
[Round "3"]
[White "Pewatronic Masterchess SH7034 - 24 MHZ"]
[Black "Novag Star Diamond H8 - 25 MHZ"]
[Result "1-0"]
[BlackElo "2160"]
[WhiteElo "2150"]

{Analyse -----> Komodo 13.02.} 1. d4 d5 2. g3 Nf6 3. Bg2 c6 4. Nf3
{Buchende} Bf5 {Buchende} 5. c3 {Buchbewertung Pewatronic Masterchess: 0,0}
Nbd7 {Buchbewertung Novag Star Diamond: +0,07 / lt. Komodo ist die Stellung
etwa gleich} 6. O-O e6 7. Qb3 Qb6 8. Bf4 Qxb3 9. axb3 Be7 10. Ra2 O-O 11.
Nbd2 Nh5 12. Bg5 Bxg5 13. Nxg5 h6 14. Ngf3 Nhf6 15. Rfa1 a6 16. b4 Rfe8 17.
Nb3 {die Stellung ist im Lot, Komodo 0,00} Ne4 18. h3 f6 19. g4 Bg6 20. Nh4
Bh7 21. e3 Nd6 22. Nc5 Rad8 23. Nf3 Nxc5 24. bxc5 Ne4 25. h4 e5 26. Ne1 Kh8
27. Rd1 f5 28. gxf5 Bxf5 29. Nd3 {die Stellung ist immer noch im Lot,
Komodo 0,00} exd4 30. cxd4 g6 31. f3 Nf6 32. Kf2 Re7 33. Ne5 Nd7 34. Ng4?
{der erste schwache Zug dieser Partie, danach ist Schwarz im Vorteil,
Komodo +0,70, besser ist sowohl f4 als auch Sxd7} Rde8? {auch nicht ideal,
danach ist die Stellung wieder im Lot, besser ist Lxg4} 35. Nxh6 Rxe3 36.
Nf7+ Kg8 37. Nd6 Re2+ 38. Kg3 R8e3?? {ein schlechter Zug, danach ist Weiss
bereits klar im Vorteil, Komodo +1,20, nötig war T8e7 mit Ausgleich} 39.
Nxf5 gxf5 40. Bf1 Re1 41. Rxe1 Rxe1 42. Bd3 f4+ 43. Kxf4 {Weiss steht klar
auf Gewinn, Komodo +1,90} Nf8 44. Bf5 Kf7 45. Ra3? {ein schwacher Zug, der
den Vorteil von Weiss deutlich reduziert, Komodo +1,30, besser ist
natürlich Ta4 mit ca. +2,00, um den Bauern d4 gleich zu decken und den
lästigen Angriff Td1 zu vermeiden} Kf6 46. Bc8 Ng6+ 47. Kg3 Ne7 {besser ist
Tg1+, Komodo -1,60} 48. Bxb7 Nf5+ 49. Kf2 Rb1 50. Ra2 Nxd4 51. Bxc6 Nxc6
{besser ist noch Ke5, Komodo -2,20} 52. Rxa6 Rxb2+ 53. Kg3 d4 54. Rxc6+
{Komodo +2,50 / Stockfish 15 bewertet das bereits mit +8,00 !!!} Kf7
{Komodo -4,00} 55. h5?? {ein Horrorzug, der den Sieg verschenkt, lt. Komodo
ist Weiss noch mit +2,00 im Vorteil, nötig war Kf4, lt. Stockfish 15 ist
dieser Zug gar um 8 Bauerneinheiten !!! schlechter als Kf4 und verschenkt
bereits den Sieg lt. seiner Analyse ist es bereits Remis 0,00 !!!!, der
Fairness halber sei noch gesagt, auch Novag Star Diamond hatte diesen
MEGABOCK erwartet, naja, was soll man sagen, Weiss verbleiben 2 Mehrbauern,
dass dies nicht mehr zu gewinnen ist, das ist einfach für einen Oldie nicht
machbar, die nötige Rechentiefe ist einfach nicht erreichbar und
Turmendspiele sind eben schwierig, hier tue ich mir irgendwie schwer, dem
Pewatronic einen Vorwurf zu machen trotz dieses Megabocks.} d3!
{alternativlos} 56. h6 {lt. Komodo +2,50 / lt. Stockfish 15: 0,00 !!! /
Pewatronic: +2,7 naja völlig daneben, aber ehrlich wer will es ihm
verdenken wenn selbst Komodo 13.02 dieser Meinung ist} Kg8 57. Rc7 Rc2 58.
Kf4 d2 59. Rd7 Rxc5 60. Rxd2 Kh7 61. Rh2 {Pewatronic: +2,4, die Stellung
ist jedoch Remis, aber auch Komodo 13.02. bewertet sie immerhin noch mit
+1,37 für Weiss, Stockfish 15: 0,00} Rb5 {Novag Star Diamond: -1,65} 62.
Kg4 Rb6 63. f4 Rxh6??? {Novag Star Diamond: -1,11 ?? / ein Horrorzug,
danach ist der weisse Bauer nicht mehr zu halten, Komodo Matt in 16 !!,
nach Tf6 ist es Remis, Pewatronic hätte diesen Fehler nicht gemacht und
erwartete Tc6} 64. Rxh6+ {Pewatronic Masterchess: nach 1 Sekunde +6,1} Kxh6
{Novag Star Diamond: -8,30 ------> aufgegeben !} 1-0
[/pgn]
[pgn]

[Event "Turnier 40 / 120"]
[Site "Wien"]
[Date "2022.11.20"]
[Round "4"]
[White "Novag Star Diamond H8 - 25 MHZ"]
[Black "Pewatronic Masterchess SH7034 - 24 MHZ"]
[Result "0-1"]
[BlackElo "2150"]
[WhiteElo "2160"]

{Analyse -----> Komodo 13.02.} 1. c4 e5 2. Nc3 Nf6 3. Nf3 Nc6 4. g3 Bb4 5.
Bg2 O-O 6. O-O Re8 7. Nd5 Nxd5 8. cxd5 Nd4 {Buchende} 9. Ne1 {Buchende} d6
{Buchbewertung Pewatronic Masterchess: 0,0} 10. e3 {Buchbewertung Novag
Star Diamond: +0,19 / lt. Komodo steht Weiss knapp besser mit ca. +0,40}
Nf5 11. Nc2 Bc5 12. d4 exd4 13. e4 Ne7 14. Nxd4 c6 15. Nb3 Bb6 16. dxc6
bxc6 17. Qd3 Ng6 18. Nd4 Ne5 19. Qc3 Bxd4?? {das braucht man nicht
grossartig zu kommentieren, das ist natürlich ganz schwach, den starken
Läufer herzugeben, der auf das Zentrum Druck macht und sich ausserdem vom
Läuferpaar zu trennen, da gibt es jede Menge deutlich bessere Züge, z.B. c5
oder Df6, dennoch ist die Stellung etwa gleich} 20. Qxd4 Ba6 21. Rd1 Be2
22. Rd2? {ein schwacher Zug, danach ist Schwarz etwas im Vorteil, Komodo
+0,80, besser ist Te1 mit Ausgleich} Nf3+ 23. Bxf3 Bxf3 24. Qxd6 Qa5! {der
beste Zug, Komodo +1,00, deutlich schwächer wäre der von Novag Star Diamond
erwartete Zug Lxe4 gewesen, danach wäre die Stellung exakt im Lot gewesen.}
25. Qf4 Bxe4 26. Re2 {besser ist Td1, Komodo -1,10} Qd5 27. Qe3?? {ein
Verlustzug, danach ist die Partie bereits klar verloren, Komodo -2,60,
nötig war Le3 mit ca. -1,10} Re6 28. Rd2??? {Novag Star Diamond: -0,42 in
der Erwartung von Ld3 / ein Totalaussetzer, danach ist alles sofort vorbei,
Komodo -9,00 mit der Fortsetzung Dh5, nötig war Db3 mit ca. -2,50} Qh5!!
{Pewatronic Masterchess lässt sich diese Chance nicht entgehen, Bewertung:
+2,5} 29. Rd4 {Novag Star Diamond sieht die drohende Gefahr noch nicht,
Bewertung -0,26} Bf3 {Pewatronic Masterchess: +4,2} 30. Qxe6 {Novag Star
Diamond: -4,69} fxe6 31. Rd3 Be4 32. Rd2 Rf8 33. f4 Qf3 34. a3 {Novag Star
Diamond: -8,23 -----> aufgegeben / Komodo Matt in 11} 0-1
[/pgn]
[pgn]

[Event "Turnier 40 / 120"]
[Site "Wien"]
[Date "2022.11.21"]
[Round "5"]
[White "Pewatronic Masterchess SH7034 - 20 MHZ"]
[Black "Novag Star Diamond H8 - 25 MHZ"]
[Result "0-1"]
[BlackElo "2160"]
[WhiteElo "2150"]

{Analyse ------> Komodo 13.02} 1. c4 e6 2. Nc3 Nf6 3. d4 Bb4 4. e3 O-O 5.
Nf3 d5 {Buchende} 6. cxd5 exd5 {Buchbewertung Novag Star Diamond: -0,07} 7.
Bd3 {Buchende} Nc6 8. a3 {Buchbewertung Pewatronic Masterchess: 0,0 / lt.
Komodo ist die Stellung ausgeglichen} Bxc3+ 9. bxc3 Ne4 10. Qc2 Re8 11. O-O
Bf5 12. Rb1 Rb8 13. Bb2 Qf6 14. Rfc1? {ein schwacher Zug, deutlich besser
ist c4} Bg4? {ebenfalls schwach, deutlich besser ist Sa5} 15. Ne1 Qg5??
{ein Verlustzug, dieser Zug verliert bereits die Partie klar, Komodo -2,00
mit der Fortsetzung c4, nötig war Sd6 mit nur sehr geringem Vorteil für
Weiss mit ca. +0,40} 16. c4 Nf6 {klar schwächer als Se7, Komodo -2,50} 17.
cxd5 Nxd5 18. Bxh7+ Kf8 19. Qc5+ Nce7 20. Be4 b6 21. Qc2 Nf6 22. Bf3?? {ein
ganz schlechter Zug, danach ist Weiss nur noch knapp im Vorteil, Komodo
+0,50 mit der Fortsetzung Lf5, nötig war Ld3 mit ca. +2,00} Bf5 23. Nd3
Ned5? {das falsche Feld, der Springer muss nach g6, Komodo -1,50} 24. Rd1
Rbd8 25. Rbc1 Ne4 {deutlich besser ist Dh4 mit ca. -1,00, Komodo -1,60} 26.
Qe2 Bh7? {ein schwacher Zug, der den Vorteil von Weiss ordentlich
vergrössert, Komodo +2,20, deutlich besser ist a5} 27. Nb4 Rd7 28. Qb5 Rd6
29. Nxd5 Rxd5 30. Qb4+ c5 31. dxc5 Rxd1+ 32. Rxd1 Nxc5 33. Rd5 Qe7 34. Be5
Nd3 35. Qxe7+ Kxe7 36. Bxg7 Rc8 37. Be2??? {also dieser Zug darf doch
einfach nicht wahr sein, was ist das für ein hirnrissiger Zug, danach ist
der gesamte Vorteil dahin, das sieht doch ein blinder mit dem Stecken, dass
nach Tc1+, Lf1 die Grundlinienschwäche eine Katastrophe darstellt, warum um
Gottes willen nicht h3, und Schwarz kann bereits die Segel streichen mit
-3,00 ?? ----> EINFACH UNFASSBAR !!!! und noch dazu Pewatronic rechnet mit
der Antwort Tc1+} Rc1+ {alternativlos} 38. Bf1 Be4 39. Rd4 Nc5 40. f3??
{und nun kommt Weiss bereits auf die Verliererstrasse, nötig war h4 mit
Ausgleich, Komodo -1,00 mit der Fortsetzung Ld3} Bd3 41. Rxd3 Nxd3 42. Bd4
Nc5 43. Kf2 Rc2+ 44. Kg3 Ne6 45. h4??? {einfach nur eine Groteske, danach
könnte man die Partie sofort beenden, unnötig zu sagen, dass natürlich Le5
nötig ist, Komodo -3,00} Nxd4 {klar was sonst} 46. exd4 Rd2 47. Bb5 Rxd4
{Rest geschenkt} 48. Kh3 f5 {weit schwächer als Td5, aber hier gewinnt
schon jede halbwegs plausible Fortsetzung, Komodo +2,20} 49. g4 fxg4+ 50.
fxg4 {Komodo -5,00} Re4??? {ein grottenschlechter Zug, um ganze 3
Bauerneinheiten !! schlechter als Td5, Komodo +2,00} 51. a4?? {auch ganz
schwach, nötig war h5, Komodo -3,00} Re3+ 52. Kg2 Kf6 53. Kf2 Rh3 54. h5
Kg5 {Rest geschenkt / die Art und Weise wie hier Pewatronic Masterchess den
klaren Sieg verschenkt kann nur noch als "STÜMPERHAFT" bezeichnet werden,
insbesondere 37. Le2 ????, einfach nur hinrissig, anders kann man es nicht
sagen.} 0-1
[/pgn]
[pgn]